| 000 | 00563 a2200169 4500 | ||
|---|---|---|---|
| 999 |
_c3095 _d3095 |
||
| 020 | _a9780538477604 | ||
| 050 | _aHF5415.129 ROS 2013 | ||
| 100 |
_aRosenbloom, Bert _eauthor |
||
| 245 |
_aMarketing channels : _ba management view / _cBert Rosenbloom |
||
| 250 | _a8th ed. | ||
| 264 |
_aBelmont, CA. : _bSouth-Western Cengage Learning, _cc2013 |
||
| 300 |
_axxiii, 660p. : _bill. |
||
| 500 | _aIncludes bibliographical references and index | ||
| 650 | _aMarketing channels | ||
| 650 |
_aMarketing channels _xManagement |
||
| 942 |
_2lcc _cBK _e8th ed. _h5415.129 _iROS _kHF |
||